000 00578nam a2200205 a 4500
001 000014071
005 20200929163448.0
008 091203s1999 sp 000 0 spa d
020 _a8489163545
040 _aDO-SdBNP
082 _a863.3
_bV162p
100 1 _aValera, Juan
_d1824-1905
_96833
245 1 0 _aPepita Jiménez /
_cJuan Valera.
260 _aMadrid :
_bClásicos Universales,
_c1999.
300 _a218 p. ;
_c20 cm.
500 _aIncluye notas al pie de las páginas
650 4 _aNovela española
_91123
650 4 _aLiteratura española
_9632
049 _aBNPD
999 _c13673
_d13673